| 000 | 00792nab a2200241 u 4500 | ||
|---|---|---|---|
| 001 | 15197 | ||
| 003 | HDC | ||
| 007 | cr bn ---aaaaa | ||
| 008 | 210217c20150202my dr|nes 0 a may d | ||
| 040 | _aHDC | ||
| 245 | 0 | _aPerkhidmatan terbaru Maybank Islamic | |
| 260 |
_aKuala Lumpur : _bThe New Straits Times Press (M) Bhd., _c2015 |
||
| 336 |
_atext _2rdacontent |
||
| 337 |
_acomputer _2rdamedia |
||
| 338 |
_aonline resource _2rdacarrier |
||
| 650 |
_abank services _zMalaysia _915478 |
||
| 650 |
_aIslamic finance _9181 |
||
| 710 | _aHarian Metro | ||
| 856 | _zRequest full-text at [email protected] | ||
| 942 | _2lcc | ||
| 942 | _cNEWS | ||
| 942 | _kNWSC 005713 | ||
| 999 |
_c12513 _d12513 |
||